Kétmillió

Bibliographic Details
Main Author: Kövesdi, Károly, 1953- (Author)
Format: Article
Language:Hungarian
ISSN:1335-7050
Subjects:

MARC

LEADER 00000nab a2200000 ar4500
001 vtls010120355
003 SK-MaSNL
005 20260318114840.0
008 100803c20100730xo |||||||| 000 b|hun
015 |a SNBRB2010/08  |2 snkbucl 
038 |a SNKBUCL 
040 |a DSZK  |b slo  |c DSZK  |e AACR2 
041 0 |a hun 
044 |a xo  |c SK 
080 |a 821.511.141 (437.6)-92=511.141  |2 2001 
100 1 |a Kövesdi, Károly,  |d 1953-  |4 aut  |9 264403 
245 1 0 |a Kétmillió  |c Kövesdi Károly 
650 0 7 |a maďarské glosy  |2 snkbucl  |9 115488 
773 0 |t Új szó  |g Évf. 63, sz. 174 (30.7.2010), o. 7  |x 1335-7050 
852 |a SNK  |b KIS3GCP 
852 |a DSZK  |b KIS3GCP 
958 |a HU 
958 |a SK 
958 |a LX 
999 |c 3293151  |d 3295081